Регионална библиотека "Любен Каравелов" - Русе

История на албанците (Запис номер 75892)

MARC детайли
000 -Лидер
Контролно поле с фиксирана дължина 02006nam a2200469 c 4500
003 - Код на организацията, давaща контролен номер
Контролно поле BLK
005 - Дата и час на последна редакция
Контролно поле 20250307143231.0
008 - Елементи от данни с фиксирана дължина
fixed length control field 180408b bul|||||r ||||||| ||bul||
010 ## - Наследен системен номер
LC control number KNG00080314000
020 ## - Международен стандартен номер на книга ISBN
Международен стандартен номер на книга ISBN 978-954-320-132-7
-- издат.: Рива
040 ## - Източник на каталожния запис
Идентификатор на билиотеката - собственик на записа BLK
041 ## - Код за език
Код за езика на текст/звукозапис или на отделно заглавие Български
Код за езика КДБФ Български
080 ## - УДК
Текстов определител УДК История на Албания
УДК код - определител по УДК 949.65
УДК определител
УДК - код + определител 949.65
080 ## - УДК
Текстов определител УДК Национални малцинства. Оптанти
УДК код - определител по УДК 323.15
УДК определител (497=919.83)
УДК - код + определител 323.15(497=919.83)
100 1# - Редна дума - Автор
Автор Мете, Серж
Авторска отговорност първи автор
R(LIN) 95031
139 ## - Редно поле
Редна дума Мете, Серж
Авторски знак Мет - М 51
245 10 - Сведения за заглавието
Заглавие История на албанците
Подзаглавни данни От илирите до независимостта на Косово
Редно поле (дума) Серж Мете; прев. от фр. Нина Венова; худож. Веселин Цаков.
257 ## - Страна на издаване
Страна на създаване/издаване Франция
260 ## - Област на издателските данни
-- София
Име на издателя, разпространителя и проч. Рива
Година на издаване 2007
Печатница В. Търново : Абагар
300 ## - Физическа характеристика
Страници 406 с., 4 л.
Илюстрации и др. цв. ил.
Размери/Мащаб 24 см
380 ## - Жанр
Жанр История
500 ## - Общи забележки
Забележка Ориг. загл. Histoire des Albanais / Serge Metais. - Съдържа Хронология. - Библиогр. с. 402-405.
504 ## - Забележка за наличие на библиография и др
Забележка за наличие на библиография и под. 402-405
590 ## - Забележки на библиотеката, притежаваща документа (RLIN)
Служебно ф
650 #7 - Допълнително описание по предмет – тема
Основно описание – тема или топоним Албания - история
Източник на редна или ключова дума
9 (RLIN) 146718
650 #4 - Допълнително описание по предмет – тема
Основно описание – тема или топоним Национален въпрос и национална политика - балкански страни
9 (RLIN) 261301
650 #4 - Допълнително описание по предмет – тема
Основно описание – тема или топоним Албански въпрос
9 (RLIN) 273979
651 #4 - Допълнително описание по предмет - топоним
Географско понятие Албания
9 (RLIN) 178519
653 ## - Ключова дума – ненормативна
Ключова дума история
653 ## - Ключова дума – ненормативна
Ключова дума албанци
653 ## - Ключова дума – ненормативна
Ключова дума национална политика
653 ## - Ключова дума – ненормативна
Ключова дума балкански държави
653 ## - Ключова дума – ненормативна
Ключова дума албански въпрос
700 1# - Други автори (авторска отговорност)
Лично име Венова, Нина
Автороска отговорност (Описва отношението между автора и произведението) прев. от фр.
9 (RLIN) 367694
700 1# - Други автори (авторска отговорност)
Лично име Цаков, Веселин
Автороска отговорност (Описва отношението между автора и произведението) худож.
9 (RLIN) 294424
852 ## - Местоположение
Форматна сигнатура Цб 237590
856 4# - Електронен адрес и достъп
Електронен формат pdf - файл
Път до файла /url/
856 4# - Електронен адрес и достъп
Електронен формат pdf - файл
Път до файла /url/
942 ## - АРТИКУЛИ
Вид на библиотечния материал Книги
Скрит в OPAC Не
Koha issues (borrowed), all copies 10
944 ## - СЪЗДАВАНЕ И РЕДАКЦИЯ на ЗАПИСА
Създаване/Редакция Създаване
Дата на регистрацията/редакция 09.01.2008
Служител, извършил регистрацията/редакцията 30530
Статус, дата на статуса Минев Младен
944 ## - СЪЗДАВАНЕ И РЕДАКЦИЯ на ЗАПИСА
Създаване/Редакция Редакция
Дата на регистрацията/редакция 04.02.2010
Служител, извършил регистрацията/редакцията
999 ## - СИСТЕМНИ КОНТРОЛНИ НОМЕРА
Koha biblionumber 75892
Koha biblioitemnumber 75892
Наличности
Код за отписване Код за изгубен артикул Източник на класификационната схема Код за повреда Коз за рестрикции Код за отдаване Артикулен № Име на библиотеката - собственик Име на библиотеката, в която се намира в момента Статус (Текущо местоположение) Дата на вписване в системата Местоположение - отдел Цена в лева Инвентарен номер Систематично азбучна сигнатура Баркод Номер на екземпляра Цена в евро Служебна бележка Служебен тип на артикула
  Не е изгубен Universal Decimal Classification Не е повреден без рестрикции заемане за дома 123489 Регионална библиотека "Любен Каравелов" Русе Регионална библиотека "Любен Каравелов" Русе Заемна - подръчен фонд 2007-12-28 Заемна - подръчен фонд 16.00 120000722006 П 94(4)/М 51 120000722006 1 8.18 Дост: Pk Вид: Ф N: 13346 Дата: 17.12.2007 Дата инв: 07.02.2018 Бележки инв: П2018 Книги
  Не е изгубен Universal Decimal Classification Не е повреден без рестрикции ползва се в читалня 123490 Регионална библиотека "Любен Каравелов" Русе Регионална библиотека "Любен Каравелов" Русе Читалня 2007-12-28 Читалня 16.00 120000722007 Ч 93/94/М 51 120000722007 2 8.18 Дост: Pk Вид: Ф N: 13346 Дата: 17.12.2007 Дата инв: 28.03.2017 Бележки инв: Ч2017 Книги
  Не е изгубен Universal Decimal Classification Не е повреден без рестрикции заемане за дома 123491 Регионална библиотека "Любен Каравелов" Русе Регионална библиотека "Любен Каравелов" Русе Заемна - подръчен фонд 2008-09-30 Заемна - подръчен фонд 20.00 120000730047 П 94(4)/М 51 120000730047 3 10.23 Дост: Pk Вид: Ф N: 8938 Дата: 24.09.2008 Дата инв: 16.02.2018 Бележки инв: П2018 Книги
Изтеглен Не е изгубен Universal Decimal Classification Не е повреден без рестрикции заемане за дома 123492 Регионална библиотека "Любен Каравелов" Русе Регионална библиотека "Любен Каравелов" Русе Заемна - подръчен фонд 2008-09-30 Заемна - подръчен фонд 20.00 120000730048 П 94(4)/М 51 120000730048 4 10.23 Дост: Pk Вид: Ф N: 8938 Дата: 24.09.2008 Книги
  Не е изгубен   Не е повреден без рестрикции ползва се в читалня 123493 Регионална библиотека "Любен Каравелов" Русе Регионална библиотека "Любен Каравелов" Русе Хранилище 2010-02-04 Хранилище 20.00 120000741844 Цб 237590 120000741844 5 10.23 Дост: Dp Вид: Д N: 32 Дата: 29.07.2009 Книги
Vip Innovations Ltd, Rousse, Bulgaria 2025